000 01081nam0a2200325 4500
001 RU\NLR\bibl\610604
005 20260531102943.0
010 _a5-86181-306-X
_93000
021 _aRU
_b2004-42972
_92136
035 _a(NLR Aleph) 000602503
090 _a5270
_c5270
100 _a20050216d2004 |||y0rusy50 ca
101 1 _arus
_ceng
102 _aRU
105 _ay |||||||||
200 1 _aМного шума из-за церкви...
_fФилип Янси
_g[пер. с англ.: А. Широченская]
205 _a[2-е изд.]
210 _aМ.
_cТриада
_d2004
215 _a127 с.
_d20
320 _aДр. работы авт. на 2-й с.
606 0 _aЕвангелизм
_92071114
_3RU\NLR\auth\661245861
606 0 _aЕвангелизация
_92082319
_3RU\NLR\auth\661258340
686 _aЭ376,0
700 1 _4070
_8rus
_7ca
_aЯнси
_bФ.
_f1949-
_gФилип
_3RU\NLR\auth\7723969
_97022
801 0 _aRU
_bNLR
_c20050216
_gPSBO
801 1 _aRU
_bNLR
_c20050216
942 _cBOOK
980 _aNB